Catálogo

ESTRATEGIAS DIDACTICAS DEL APRENDIZAJE : (Registro nro. 30411)

Detalles MARC
000 -LEADER
fixed length control field 00659nam a2200181 a 4500
001 - CONTROL NUMBER
control field 30411
005 - DATE AND TIME OF LATEST TRANSACTION
control field 20180713233623.0
008 - FIXED-LENGTH DATA ELEMENTS--GENERAL INFORMATION
fixed length control field 140415s2003 mx 000 0 spa d
020 ## - INTERNATIONAL STANDARD BOOK NUMBER
International Standard Book Number 9789682467158
041 ## - LANGUAGE CODE
Language code of text/sound track or separate title spa
082 ## - DEWEY DECIMAL CLASSIFICATION NUMBER
Classification number 371.1023
Item number FER
100 1# - MAIN ENTRY--PERSONAL NAME
Personal name Ferreiro Gravié, Ramón,.
245 10 - TITLE STATEMENT
Title ESTRATEGIAS DIDACTICAS DEL APRENDIZAJE :
Remainder of title EL CONSTRUCTIVISMO SOCIAL: UNA NUEVA FROMA DE ENSEÑAR Y APRENDER, AMBIENTES FAVORABLES PARA APRENDER, ORIENTACIOND DE LA ATENCION DE LOS ALUMNOS, EVALUACION DE LOS APRENDIZAJES.
250 ## - EDITION STATEMENT
Edition statement 1º EDICIÓN
260 ## - PUBLICATION, DISTRIBUTION, ETC.
Place of publication, distribution, etc. MEXICO :
Name of publisher, distributor, etc. TRILLAS,
Date of publication, distribution, etc. 2003
300 ## - PHYSICAL DESCRIPTION
Extent 189
Dimensions 18 x 16 x 23
520 ## - SUMMARY, ETC.
Summary, etc. RP
Existencias
Withdrawn status Lost status Source of classification or shelving scheme Damaged status Not for loan Collection code Home library Current library Shelving location Date acquired Source of acquisition Total Checkouts Full call number Barcode Date last seen Price effective from Koha item type
    Dewey Decimal Classification     General Tehuacán Tehuacán Sala general 03/12/2013 Compra   371.1023 FER 504907 16/04/2024 03/12/2013 Libro